• 首页
  • 本馆介绍
  • 公告通知
  • 最新文献
  • 馆藏检索
  • 电子资源
  • 读者导购
  • 参考咨询
  • 我的图书馆
  • 登录
  • 详细信息显示
  • 放入我的书架
  • 预约/预借图书
  • 作者相关作品
  • 分类相关作品
  • 丛书相关作品
  • 出版社相关作品

书目信息

  • 表格格式
  • 工作单格式
  • 卡片格式
题名:
世界在反思
    
 
作者: 李慎明 主编
分册: 3   当代资本主义评析
出版信息: 北京   社会科学文献出版社  2012.12
页数: 235,10页
开本: 24cm
丛书名: 世界社会主义研究丛书
单 册:
中图分类: D091.5
科图分类:
主题词: 资本主义--研究--世界--现代 , 资本主义
电子资源:
ISBN: 978-7-5097-3977-8
000 01137oam2 2200289 450
001 010010109222
005 20130426104531.14
010    @a978-7-5097-3977-8@dCNY49.00
100    @a20130109d2012 em y0chiy50 ea
101 0  @achi
102    @aCN@b110000
105    @ay z 000yy
106    @ar
200 1  @a世界在反思@9shi jie zai fan si@h3@i当代资本主义评析@dThe reflection of the world@hⅢ@iReview of contemporary capitalism@f李慎明主编@zeng
210    @a北京@c社会科学文献出版社@d2012.12
215    @a235,10页@d24cm
225 2  @a世界社会主义研究丛书@i研究系列@v56
300    @a中国社会科学院创新工作学术出版资助项目
330    @a本书主要内容包括:西方重读马克思成新潮流;达沃斯论坛的焦躁和无奈;西方国家对资本主义的反思;中国社会科学院世界社会主义研究中心学者论资本主义新变化。
462  0 @12001 @a世界社会主义研究丛书@i研究系列@v56
510 1  @aReflection of the world@hⅢ@iReview of contemporary capitalism@zeng
606 0  @a资本主义@x研究@y世界@z现代
606 0  @a资本主义
690    @aD091.5@v5
701  0 @a李慎明@9li shen ming@4主编
801  0 @aCN@bRENTIAN@c20130109
905    @b542447-51@dD091.5@e135@f5
    
    世界在反思.3.当代资本主义评析=The reflection of the world.Ⅲ.Review of contemporary capitalism/李慎明主编.-北京:社会科学文献出版社,2012.12
    235,10页;24cm.-(世界社会主义研究丛书.研究系列;56)
    中国社会科学院创新工作学术出版资助项目
    
    ISBN 978-7-5097-3977-8:CNY49.00
    本书主要内容包括:西方重读马克思成新潮流;达沃斯论坛的焦躁和无奈;西方国家对资本主义的反思;中国社会科学院世界社会主义研究中心学者论资本主义新变化。
●
相关链接 在E读中查询图书 在五车中查询图书 在当当中查询图书 在豆瓣中查询图书


正题名:世界在反思     索取号:D091.5/135         预约/预借

序号 登录号 条形码 馆藏地/架位号 状态 备注
1 542447   205424478   第一样本阅览室/ [索取号:D091.5/135] 在馆    
2 542448   205424487   史法系资料室/ [索取号:D091.5/135] 在馆    
3 542449   205424496   第一借阅区/ [索取号:D091.5/135] 在馆    
4 542450   205424502   第一借阅区/ [索取号:D091.5/135] 在馆    
5 542451   205424511   第一借阅区/ [索取号:D091.5/135] 在馆    
唐山师范学院图书馆 欢迎您!
大连网信软件有限公司© 版权所有